ბათუმის შოთა რუსთაველის სახელმწიფო უნივერსიტეტის ბიბლიოთეკა

საქართველოს სახელმწიფოსა და სამართლის საფუძვლები : (ბიბ.ჩანაწერი № 59503)

000 -ლიდერი
ფიქსირებული სიგრძის საკონტროლო ველი 01415nam a22002177a 4500
003 - საკონტროლო ნომრის იდენტიფიკატორი
საკონტროლო ველი Ge_BSU
005 - ბოლო ოპერაციის თარიღი და დრო
საკონტროლო ველი 20230301155855.0
008 - ფიქსირებული სიგრძის მონაცემთა ელემენტები - ზოგადი ინფორმაცია
ფიქსირებული სიგრძის საკონტროლო ველი 230301s2000 ge ||||| |||| 00| 0 geo d
041 ## - ენის კოდი
Language code of text/sound track or separate title geo
080 ## - უნივერსალური ათობითი კლასიფიკაციის ინდექსი
Universal Decimal Classification number 321(479.22)+34(479.22)](075.3) შ-96
100 ## - მთავარი ჩანაწერი - პიროვნების სახელი
Personal name შუშანაშვილი, ალექსანდრე
9 (RLIN) 17093
245 ## - ცნობა სათაურის შესახებ
Title საქართველოს სახელმწიფოსა და სამართლის საფუძვლები :
Remainder of title [სახელმძღვ. ზოგადსაგანმ. სკოლის მე-9 კლასისათვის] /
Statement of responsibility, etc ალ. შუშანაშვილი ; რედ.: რომან შენგელია.
250 ## - გამოცემის ცნობა
Edition statement მე-3 გამოცემა.
264 ## - წარმოების, გამოცემის, დისტრიბუციის და სხვა ცნობები
გამოცემის, წარმოების, დისტრიბუციის... ადგილი თბილისი :
გამოცემის, წარმოების, დისტრიბუციის... სახელწოდება ორიონი,
გამოცემის, წარმოების, დისტრიბუციის... თარიღი 2000.
300 ## - ფიზიკური აღწერა
Extent 180 გვ. ;
Other physical details 20 სმ.
653 ## - INDEX TERM--UNCONTROLLED
Uncontrolled term საქართველოს სახელმწიფოს საფუძვლები
653 ## - INDEX TERM--UNCONTROLLED
Uncontrolled term სახელმძღვანელოები საშუალო სკოლებისათვის
653 ## - INDEX TERM--UNCONTROLLED
Uncontrolled term ქართული სამართალი -- სახელმძღვანელოები საშუალო სკოლებისათვის.
700 ## - ADDED ENTRY--PERSONAL NAME
Personal name შენგელია, რომან
Relator term რედაქტორი
9 (RLIN) 17094
942 ## - ADDED ENTRY ELEMENTS (KOHA)
Source of classification or shelving scheme
Koha item type წიგნი
ეგზემპლარები
ჩამოწერის სტატუსი დაკარგული ეგზემპლარის სტატუსი კლასიფიკაციის წყარო ან თაროზე გაწყობის სქემა დაზიანების სტატუსი არ გაიცემა მუდმივი მდებარეობა (დაცვის ადგილი) ამჟამინდელი ადგილსამყოფელი თაროზე განთავსების ადგილი შეძენის თარიღი ღირებულება, შესყიდვის ნორმალური ფასი სრული შენახვის შიფრი შტრიხკოდი ბოლო ოპერაციის თარიღი ეგზემპლარის მიმდევრობითი ნომერი (კეტერი?) ფასის ძალაში შესვლის თარიღი ეგზემპლარის სახეობა საჯარო შენიშვნა
          ბათუმის შოთა რუსთაველის სახელმწიფო უნივერსიტეტის მთავარი ბიბლიოთეკა ბათუმის შოთა რუსთაველის სახელმწიფო უნივერსიტეტის მთავარი ბიბლიოთეკა წიგნსაცავი 2023-03-01 8.00 321(479.22)+34(479.22)](075.3) შ-96 63897 2023-03-01 63897 2023-03-01 წიგნი 8 ლ.
          ბათუმის შოთა რუსთაველის სახელმწიფო უნივერსიტეტის მთავარი ბიბლიოთეკა ბათუმის შოთა რუსთაველის სახელმწიფო უნივერსიტეტის მთავარი ბიბლიოთეკა წიგნსაცავი 2023-03-01 8.00 321(479.22)+34(479.22)](075.3) შ-96 63898 2023-03-01 63898 2023-03-01 წიგნი 8 ლ.